000 01143cam a22002894a 4500
001 12170265
003 OSt
005 20180117085951.0
008 000912s2000 maua b 001 0 eng
010 _a 00048038
020 _a0073657956 (alk. paper)
040 _aDLC
_cDLC
_dDLC
042 _apcc
050 0 0 _aBF121
_b.P347 2001
082 0 0 _a150
_221
100 1 _aPasser, Michael W.
245 1 0 _aPsychology :
_bfrontiers and applications /
_cMichael W. Passer, Ronald E. Smith.
260 _aBoston :
_bMcGraw-Hill,
_cc2000.
300 _axxii, 703, [107] :
_bill. (some col.) ;
_c29 cm.
504 _aIncludes bibliographical references (R-1]-R-51) and index.
650 0 _aPsychology
_vTextbooks.
700 1 _aSmith, Ronald Edward,
_d1940-
906 _a7
_bcbc
_corignew
_d1
_eocip
_f20
_gy-gencatlg
942 _2ddc
_cBK
999 _c2888
_d2888